| 000 | 00737cam a2200217 4500 | ||
|---|---|---|---|
| 005 | 20250331185241.0 | ||
| 008 | 080108s2007 sp 000 0 spa | ||
| 020 |
_a84-96699-02-1 _z84-96699-02-01 |
||
| 040 |
_aCO-CtgCURN _bspa _ccoctgcurn |
||
| 082 | 0 | 4 |
_a646.726 _bE79 |
| 245 | 0 | 0 |
_aEstética hidrotermal _h[Texto impreso] / _cJosé Manuel Carbajo ... [et al.]. |
| 260 |
_a[Madrid] : _bVideocinco, _c[2007] |
||
| 300 |
_a313 páginas : _bilustraciones en color ; _c28 cm. |
||
| 650 | 0 | _aCuidados de estética. | |
| 650 | 0 | _aBelleza personal. | |
| 700 | 1 | _aCarbajo, José Manuel. | |
| 942 |
_aMHC _cBK _h646.726 _iE79 _2ddc |
||
| 956 | _a2 | ||
| 994 | _aMONOMODERN | ||
| 999 |
_c24105 _d24105 |
||